000 00540nam a2200229Ia 4500
005 20250425162737.0
008 250425s9999 xx 000 0 und d
020 _a0374192030
041 _aeng
082 _a337
100 _aFRIEDMAN, THOMAS L
245 0 _aTHE LEXUS AND THE OLIVE TREE
250 _a1SH ED.
260 _aEstados Unidos
_bS.E.
_c1999
260 _aNEW YORK
300 _a394
500 _aDONADO POR GUILLERMO AROSEMENA
650 _aCAPITALISMO
650 _aECONOMIA
942 _c01
010 _a104501
999 _c235529
_d235529